| 000 | 01858cam a22003618a 4500 | ||
|---|---|---|---|
| 001 | 16817908 | ||
| 005 | 20150528162018.0 | ||
| 008 | 110607s2013 pau b 001 0 eng | ||
| 020 | _a9781608316021 | ||
| 035 | _a(DNLM)101562131 | ||
| 040 |
_aDNLM/DLC _cDLC |
||
| 082 | 0 | 0 |
_a615.1 _223 _bCOM |
| 245 | 0 | 0 |
_aCommunication Skills in Pharmacy Practice : _ba Practical Guide for Students and Practitioners / _c[edited by] Robert S. Beardsley, Carole L. Kimberlin, William N. Tindall. |
| 250 | _a6th ed. | ||
| 260 |
_aPhiladelphia, PA : _bWolters Kluwer/Lippincott Williams & Wilkins, _cc2013. |
||
| 263 | _a1109 | ||
| 300 |
_a256 p. ; _c18 cm. |
||
| 504 | _aIncludes bibliographical references and index. | ||
| 505 | 0 | _aPatient-centered communication in pharmacy practice -- Principles and elements of interpersonal communication -- Nonverbal communication -- Barriers to communication -- Listening and empathic responding -- Assertiveness -- Interviewing and assessment -- Helping patients manage therapeutic regimens -- Medication safety and communication skills -- Strategies to meet specific needs -- Communicating with children about medicines -- Interprofessional collaboration and effective communication skills -- Electronic communication in health care -- Ethical behavior when communicating with patients. | |
| 650 | 0 |
_aCommunication in pharmacy. _930127 _2BUEsh |
|
| 650 | 0 |
_aPharmacist and patient. _930128 _2BUEsh |
|
| 650 | 1 | 2 |
_aCommunication. _930129 _2BUEsh |
| 650 | 1 | 2 |
_aPharmacists. _930130 _2BUEsh |
| 650 | 2 | 2 |
_aProfessional-Patient Relations. _930131 _2BUEsh |
| 651 | _2BUEsh | ||
| 653 |
_cJune2012 _cSeptember2012 |
||
| 700 | 1 |
_aBeardsley, Robert S. _930132 |
|
| 700 | 1 |
_aKimberlin, Carole L. _930133 |
|
| 700 | 1 |
_aTindall, William N. _930134 |
|
| 541 | _aDonation from Baccah | ||
| 942 |
_2ddc _cBB |
||
| 999 |
_c16769 _d16769 |
||